Zúčtovacie vzťahy so zamestnancami z pohľadu poskytovania zamestnaneckých požitkov bakalárska práca

Enregistré dans:
Détails bibliographiques
Auteur principal: Bírová, Ivana
Collectivité auteur: Fakulta hospodárskej informatiky EU. Katedra účtovníctva a audítorstva
Autres auteurs: Bagiová, Alexandra, 1994-
Format: Livre
Langue:slovaque
Publié: Bratislava 2020
Tags: Ajouter un tag
Pas de tags, Soyez le premier à ajouter un tag!

MARC

LEADER 00000nbm a2200000 4500
001 0264719
005 20210427212439.6
041 0 |a slo 
044 |a SK 
245 1 0 |a Zúčtovacie vzťahy so zamestnancami z pohľadu poskytovania zamestnaneckých požitkov  |b bakalárska práca  |c Ivana Bírová ; školiteľ: Alexandra Bagiová 
264 1 |a Bratislava  |c 2020 
300 |a 54 s. 
100 1 |a Bírová, Ivana 
700 1 |a Bagiová, Alexandra, 1994- 
710 2 |a Fakulta hospodárskej informatiky EU. Katedra účtovníctva a audítorstva